Los Límites de la renegociación de la deuda externa de América Latina y las opciones presentes

Gespeichert in:
Bibliographische Detailangaben
1. Verfasser: Aschentrupp Toledo, Hermann
Format: Text
Veröffentlicht: México D.F.: Centro de Investigación y Docencia Ecuménica
Tags: Tag hinzufügen
Keine Tags, Fügen Sie den ersten Tag hinzu!

MARC

LEADER 00000 a a2200000 04500
001 22925
003
040
090 |a 158400  
100 |a Aschentrupp Toledo, Hermann  
245 |a Los Límites de la renegociación de la deuda externa de América Latina y las opciones presentes  
260 |a México D.F.:   |b Centro de Investigación y Docencia Ecuménica  
300 |a 28-46 p  
500 |a Fotocopia de un artículo de la revista, se toma como una separata  
999 |c 11980  |d 11980